01565nam a2200373Ia 4500001001200000003000800012006001900020007001500039008004100054010001700095020001800112020002800130040002100158035002100179050002500200082001900225100002400244245011200268260005200380300001400432504006400446533015200510650003400662650005600696650001200752651005200764651005500816651005500871651007600926655002901002710001701031856012601048999001701174ebr10388599CaPaEBRm u cr cn|||||||||900208s1990 pau sb 001 0 eng d z 90032492  z9780877227502 z0877227500 (alk. paper) aCaPaEBRcCaPaEBR a(OCoLC)64990567614aF1439.5b.P67 1990eb04a327.7307282201 aPorpora, Douglas V.10aHow holocausts happenh[electronic resource] :bthe United States in Central America /cDouglas V. Porpora. aPhiladelphia :bTemple University Press,c1990. ax, 224 p. aIncludes bibliographical references (p. 203-216) and index. aElectronic reproduction.bPalo Alto, Calif. :cebrary,d2010.nAvailable via World Wide Web.nAccess may be limited to ebrary affiliated libraries. 0aHolocaust, Jewish (1939-1945) 0aAtrocitieszCentral AmericaxHistoryy20th century. 0aApathy. 0aCentral AmericaxPolitics and governmenty1979- 0aCentral AmericaxForeign relationszUnited States. 0aUnited StatesxForeign relationszCentral America. 0aUnited StatesxForeign relationsy1945-1989xMoral and ethical aspects. 7aElectronic books.2local2 aebrary, Inc.40uhttp://site.ebrary.com/lib/rucke/Doc?id=10388599zAn electronic book accessible through the World Wide Web; click to view c91509d91509